000 00493nam a2200169Ia 4500
008 110201s9999 xx 000 0 und d
082 _bB2270
_aKS 490
100 _aकिर गिरिजा
245 _aगिरकी
260 _bहेमचंद्र प्रकाशन संस्था
365 _b14
600 _aकिर गिरिजा
630 _aगिरकी
700 _aकिर गिरिजा
730 _aगिरकी
942 _cBOOK
999 _c829331
_d829328